|
|
|
|
| LEADER |
00000nab a2200000uu 4500 |
| 001 |
vtls011443132 |
| 003 |
SK-MaSNL |
| 005 |
20260303123331.0 |
| 008 |
230213|1957 xo |||||||||||||||||slo| |
| 015 |
|
|
|a SNBRB
|
| 035 |
|
|
|a (urnnbn)urn:nbn:sk:snk:ar-0036cg
|
| 035 |
|
|
|a (uuid)0c09920c-7822-4001-942e-d545c8cad061
|
| 035 |
|
|
|a urn:nbn:sk:snk-abcgzn
|
| 040 |
|
|
|a SNKBUCL
|b slo
|c SNKBUCL
|e AACR2
|
| 041 |
0 |
|
|a slo
|
| 044 |
|
|
|a xo
|c SK
|
| 100 |
1 |
|
|a Jurík, Milan
|4 aut
|9 490297
|
| 245 |
1 |
0 |
|a ZPRÁVA O ŠTÚDIU EKTOPARAZITOV ELIOMYS QUERCINUS (L.) A GLIS GLIS (L.)
|c Milan Jurík
|
| 773 |
0 |
|
|t Biológia : časopis Slovenskej akadémie vied
|g Roč. 12, č. 1 (1957), s. 18-28
|
| 954 |
|
|
|a odborná, vedecká literatúra pôvodná (slovenská)
|2 lita
|
| 958 |
|
|
|a OND
|
| 958 |
|
|
|a EUIPO
|
| 958 |
|
|
|a article16
|
| 999 |
|
|
|c 1925315
|d 1927245
|